De mãos atadas (Record no. 56491)

MARC details
000 -LÍDER
campo de controle de tamanho fixo 00340 a2200157 4500
001 - NÚMERO DE CONTROLE
campo de controle 56491
020 ## - ISBN - INTERNATIONAL STANDARD BOOK NUMBER
ISBN - International Standard Book Number 9788508106653
040 ## - FONTE DA CATALOGAÇÃO
Instituição que transcreveu o registro Anchieta - Pituba
100 ## - ENTRADA PRINCIPAL--NOME PESSOAL
Nome pessoal Gomes, Álvaro Cardoso
240 10 - TÍTULO UNIFORME
Título uniforme De mãos atadas
Idioma da obra por
245 10 - TÍTULO
Título De mãos atadas
300 ## - DESCRIÇÃO FÍSICA
Extensão 182
362 0# - DATAS DE PUBLICAÇÃO E/OU DESIGNAÇÃO SEQUENCIAL
Datas de publicação e/ou designação sequencial 2007
650 #4 - ASSUNTO--TERMO TÓPICO
Cabeçalho tópico ou nome geográfico Literatura juvenil
942 ## - ELEMENTOS DE ENTRADA ADICIONADOS (KOHA)
Tipo de material Koha Livros
Holdings
Situação do descarte Situação das perdas Situação física Não pode ser emprestado Biblioteca de origem Biblioteca atual Data de aquisição Total de empréstimos Número de chamada completo Código de barras Data de último acesso Data do preço efetivo Tipo de material Koha
        Colégio Anchieta - Pituba Colégio Anchieta - Pituba 21/11/2023   LJ 028.5 G633d GOM DEM 5972/PIT 21/11/2023 21/11/2023 Livros